[Event "Bundesliga 1999-2000"]
[Site "Passau GER"]
[Date "2000.01.30"]
[Round "9"]
[White "Nunn,J"]
[Black "Enders,P"]
[Result "0-1"]
[WhiteElo "2601"]
[BlackElo "2478"]

1.e4 e6 2.d4 d5 3.Nc3 Bb4 4.e5 Ne7 5.a3 Bxc3+ 6.bxc3 c5 7.h4 Qc7 8.h5 h6
9.Nf3 b6 10.Rh3 Ba6 11.Bxa6 Nxa6 12.Qd3 Nb8 13.Nh4 Nd7 14.Rg3 cxd4 15.cxd4 Nxe5
16.Qe3 Nc4 17.Qf3 Rg8 18.Kf1 Qd7 19.Bf4 O-O-O 20.a4 Nc6 21.Qc3 Kb7 22.Nf3 f6
23.Kg1 Rc8 24.Re1 Rge8 25.Rg6 Qf7 26.Re2 Ne7 27.Rg3 Nf5 28.Rh3 Qd7 29.Qa1 Na5
30.c3 Rc4 31.Ra2 e5 32.Be3 Nxe3 33.fxe3 e4 34.Nd2 Rc7 35.Rc2 Rec8 36.Rh4 Nc4
37.Nf1 Qe8 38.Qa2 Qe6 39.Rf4 Qd6 40.Rf5 a6 41.Qa1 Ka7 42.Qa2 Rd8 43.Qa1 Rb7
44.Rff2 Qd7 45.Rf4 Rc8 46.Ra2 Rc6 47.Rc2 b5 48.axb5 Rxb5 49.Qe1 Qc7 50.Rg4 Rb7
51.Ng3 Rcb6 52.Nf5 Rb1 53.Rc1 Rxc1 54.Qxc1 Qc8 55.Rf4 a5 56.Rf1 Qd7 57.Qd1 a4
58.Qg4 a3 59.Ra1 Rb2 60.Qf4 a2 61.Kh2 Kb7 62.Qf1 Kb6 63.Kg3 Kc6 64.Kh4 Rb1  0-1

[Event "Open"]
[Site "Bunratty IRL"]
[Date "2000.02.11"]
[Round "1"]
[White "Keogh,E"]
[Black "Nunn,J"]
[Result "0-1"]
[WhiteElo "2167"]
[BlackElo "2601"]

1.Nf3 Nf6 2.c4 g6 3.Nc3 Bg7 4.d4 O-O 5.e4 d6 6.Be2 e5 7.dxe5 dxe5 8.Bg5 Nbd7
9.Qd2 c6 10.O-O-O Re8 11.h4 Qb6 12.Be3 Qa5 13.h5 Nxh5 14.Rxh5 gxh5 15.Bh6 Nf8
16.Bxg7 Kxg7 17.Qg5+ Ng6 18.Qxh5 h6 19.Rh1 Rh8 20.g3 Qd8 21.Rd1 Qf6 22.Rd2 Be6
23.Nd1 Rad8 24.Rxd8 Rxd8 25.Ne3 a6 26.Nf5+ Bxf5 27.exf5 Ne7 28.g4 e4 29.g5 hxg5
30.Nxg5 Qxf5 31.Bg4 Qf4+ 32.Kb1 Rh8  0-1

[Event "Open"]
[Site "Bunratty IRL"]
[Date "2000.02.12"]
[Round "3"]
[White "Turner,M"]
[Black "Nunn,J"]
[Result "1/2-1/2"]
[WhiteElo "2487"]
[BlackElo "2601"]

1.d4 Nf6 2.Nf3 g6 3.Bg5 Bg7 4.Nbd2 c5 5.Bxf6 Bxf6 6.Ne4 Bxd4 7.Nxd4 cxd4
8.Qxd4 O-O 9.c4 Nc6 10.Qd2 d6 11.e3 Be6 12.Ng5 Bd7 13.Be2 Qa5 14.Qxa5 Nxa5
15.O-O Rfc8 16.Rac1 h6  1/2-1/2

[Event "Bundesliga 1999-2000"]
[Site "Luebeck GER"]
[Date "2000.02.20"]
[Round "11"]
[White "Baklan,V"]
[Black "Nunn,J"]
[Result "1/2-1/2"]
[WhiteElo "2571"]
[BlackElo "2601"]

1.e4 c5 2.Nf3 e6 3.c3 d5 4.exd5 exd5 5.d4 Nc6 6.Bb5 Bd6 7.dxc5 Bxc5 8.O-O Ne7
9.Nbd2 O-O 10.Nb3 Bd6 11.Bd3 Qc7 12.h3 Ne5 13.Nxe5 Bxe5 14.Re1 Nc6 15.Qh5 g6
16.Qh4 Be6 17.Bh6 Rfe8 18.Bg5 Bg7 19.Bf6 Bxf6 20.Qxf6 Qe7 21.Qf4 Rad8 22.Rad1 d4
23.cxd4 Qb4 24.Bc2 a5 25.Qd2 Bd5 26.Re3 b6 27.Qxb4 Nxb4 28.Bb1 Re6 29.Rc1 Red6
30.a3  1/2-1/2

[Event "Bundesliga 1999-2000"]
[Site "Porz GER"]
[Date "2000.04.09"]
[Round "15"]
[White "Lutz,C"]
[Black "Nunn,J"]
[Result "1/2-1/2"]
[WhiteElo "2587"]
[BlackElo "2601"]

1.d4 Nf6 2.Nf3 g6 3.c4 Bg7 4.Nc3 O-O 5.e4 d6 6.Be2 e5 7.O-O Nc6 8.d5 Ne7
9.b4 a5 10.Ba3 b6 11.bxa5 Nh5 12.g3 f5 13.Bb4 bxa5 14.Ba3 Nf6 15.c5 Nxe4
16.Nxe4 fxe4 17.Nd2 e3 18.fxe3 Nf5 19.Nc4 Ba6 20.e4 Bxc4 21.Bxc4 Nd4 22.Qd3  1/2-1/2

[Event "Golombek Mem"]
[Site "Paignton ENG"]
[Date "2000.09.03"]
[Round "1"]
[White "Arkell,K"]
[Black "Nunn,J"]
[Result "1/2-1/2"]
[WhiteElo "2481"]
[BlackElo "2578"]

1.d4 Nf6 2.Nf3 g6 3.c4 Bg7 4.g3 c6 5.Bg2 d5 6.cxd5 cxd5 7.Nc3 O-O 8.Ne5 e6
9.e3 Nfd7 10.Nd3 Nc6 11.O-O b6 12.b3 Ba6 13.Ba3  1/2-1/2

[Event "Golombek Mem"]
[Site "Paignton ENG"]
[Date "2000.09.04"]
[Round "2"]
[White "Nunn,J"]
[Black "Gormally,D"]
[Result "1-0"]
[WhiteElo "2578"]
[BlackElo "2499"]

1.e4 c5 2.Nf3 d6 3.d4 cxd4 4.Nxd4 Nf6 5.Nc3 a6 6.Be2 e5 7.Nb3 Be7 8.O-O O-O
9.Kh1 Nc6 10.f4 b5 11.Be3 Be6 12.f5 Bc4 13.Bxc4 bxc4 14.Nd2 d5 15.exd5 Nxd5
16.Nxd5 Qxd5 17.Qg4 f6 18.Nxc4 Rad8 19.Rad1 Qb5 20.Qe4 Nb4 21.a3 Nd5 22.a4 Qc6
23.Nb6 Nb4 24.Qxc6 Nxc6 25.c3 a5 26.Kg1 g6 27.Nd5 gxf5 28.Nxe7+ Nxe7 29.Bc5 Kf7
30.b4 Ke6 31.bxa5 Ra8 32.Rd6+ Kf7 33.Rd7 Rfe8 34.Bb4 Ke6 35.Rfd1 f4 36.R1d6+ Kf5
37.Rb6 Ng6 38.Rdd6 Ke4 39.Kf2 Nh4 40.Rbc6 Red8 41.a6 Rxd6 42.Rxd6 Nf5 43.Rxf6 Ne3
44.Rd6 Rg8 45.g3 Ng4+ 46.Kg1 Ke3 47.h3 f3 48.hxg4 Ke2 49.Bc5  1-0

[Event "Golombek Mem"]
[Site "Paignton ENG"]
[Date "2000.09.06"]
[Round "4"]
[White "Nunn,J"]
[Black "Naumann,A"]
[Result "1/2-1/2"]
[WhiteElo "2578"]
[BlackElo "2489"]

1.e4 c5 2.Nf3 d6 3.d4 cxd4 4.Nxd4 Nf6 5.Nc3 a6 6.Be2 e5 7.Nb3 Be7 8.O-O O-O
9.Kh1 b6 10.Be3 Bb7 11.f3 b5 12.a4 b4 13.Nd5 Nxd5 14.exd5 Nd7 15.c4 bxc3
16.bxc3 Bg5 17.Bf2 Qc7 18.c4 Rab8 19.a5 f5 20.Rb1 Rf6 21.Qd3 Rbf8 22.Rfd1 Rh6
23.h3 Bc8 24.c5 e4 25.Qd4 Ne5 26.cxd6 Qxd6 27.Nd2 Bxd2 28.Rb6 Qe7 29.Rxd2 exf3
30.Rxh6 fxg2+ 31.Kg1 gxh6 32.d6 Qf6 33.Qd5+ Be6 34.Bh4 Qxh4 35.Qxe6+ Rf7
36.Qe8+ Rf8 37.Qe6+ Rf7 38.Qe8+ Rf8 39.Qe6+  1/2-1/2

[Event "Golombek Mem"]
[Site "Paignton ENG"]
[Date "2000.09.08"]
[Round "6"]
[White "Nunn,J"]
[Black "Hillarp Persson,T"]
[Result "1-0"]
[WhiteElo "2578"]
[BlackElo "2549"]

1.e4 e6 2.d4 d5 3.Nc3 Bb4 4.e5 c5 5.a3 Bxc3+ 6.bxc3 Ne7 7.a4 Qa5 8.Bd2 Nbc6
9.Nf3 Bd7 10.Bb5 f6 11.Qe2 Qc7 12.O-O a6 13.Bxc6 Nxc6 14.Bc1 cxd4 15.exf6 gxf6
16.Nxd4 Qe5 17.Qd2 Rg8 18.Re1 Nxd4 19.cxd4 Qf5 20.Qb4 O-O-O 21.Ra3 Bc6 22.Rg3 e5
23.Bb2 e4 24.Bc1 h5 25.h4 Rg4 26.Rxg4 Qxg4 27.Qe7 Qf5 28.g3 Rd7 29.Qc5 Rd8
30.Bf4 Qe6 31.f3 f5 32.fxe4 fxe4 33.Be5 Rd7 34.Qf8+ Rd8 35.Qg7 Qd7 36.Qg6 Qe8
37.Qh6 Bxa4 38.Rf1 Bc6 39.Rf6 a5 40.Qf4 a4 41.Rf7 Bd7 42.Bb8  1-0

[Event "Golombek Mem"]
[Site "Paignton ENG"]
[Date "2000.09.09"]
[Round "7"]
[White "Fontaine,R"]
[Black "Nunn,J"]
[Result "1/2-1/2"]
[WhiteElo "2449"]
[BlackElo "2578"]

1.d4 Nf6 2.Nf3 g6 3.c4 Bg7 4.g3 c6 5.Bg2 d5 6.cxd5 cxd5 7.Nc3 Ne4 8.O-O O-O
9.e3 Nxc3 10.bxc3 Nc6 11.Nd2 Be6 12.Rb1 Qd7 13.c4 dxc4 14.d5 Bxd5 15.Nxc4 Rfd8
16.Qxd5 Qxd5 17.Bxd5 Rxd5 18.Rxb7 Rc5 19.Nd2 Rc2 20.a4 a5 21.Nb3 Rc4 22.Bd2 Rxa4  1/2-1/2

[Event "Golombek Mem"]
[Site "Paignton ENG"]
[Date "2000.09.11"]
[Round "9"]
[White "Nunn,J"]
[Black "Hebden,M"]
[Result "1/2-1/2"]
[WhiteElo "2578"]
[BlackElo "2505"]

1.e4 e5 2.Nf3 Nc6 3.Nc3 Nf6 4.Bb5 Nd4 5.Nxd4 exd4 6.e5 dxc3 7.exf6 Qxf6 8.dxc3 Bc5
9.Qe2+ Qe6 10.O-O O-O 11.Bf4 d6 12.Bd3 Qxe2 13.Bxe2 a5 14.a4 Bd7 15.Bb5 Bxb5
16.axb5 Rfe8 17.Rfe1 Kf8 18.Kf1 Rxe1+ 19.Rxe1 a4 20.Ra1 Ke7 21.Ke2 Kd7 22.Be3 Bxe3
23.Kxe3 Ra5 24.c4 c6 25.bxc6+ Kxc6 26.Kd4 Rh5 27.h3 Rh4+ 28.Kd3 b5 29.cxb5+ Kxb5
30.b3 axb3 31.cxb3 Rf4 32.f3 h5 33.Ra4 Rf5 34.h4 g6 35.Rc4 f6 36.Rd4 Kc6
37.Rc4+ Kb5 38.Rd4 Kc6 39.Rc4+ Kb5  1/2-1/2

[Event "Bundesliga 2000-1"]
[Site "Hamburg GER"]
[Date "2000.10.15"]
[Round "2"]
[White "Fette,M"]
[Black "Nunn,J"]
[Result "0-1"]
[WhiteElo "2346"]
[BlackElo "2578"]

1.e4 c5 2.Nf3 e6 3.c3 d5 4.exd5 exd5 5.Bb5+ Bd7 6.Bxd7+ Nxd7 7.O-O Bd6 8.d4 Ne7
9.Re1 O-O 10.Bg5 Re8 11.Na3 c4 12.Nb5 Bb8 13.Qe2 f6 14.Qe6+ Kh8 15.Bd2 Nf8
16.Qg4 Qb6 17.a4 a6 18.Na3 Bd6 19.a5 Qc7 20.Nc2 Rad8 21.Qh5 Nfg6 22.g3 Qd7
23.Ne3 Bc7 24.Nh4 Nxh4 25.Qxh4 Nf5 26.Qg4 Nxe3 27.Qxd7 Rxd7 28.Rxe3 Rxe3
29.Bxe3 Kg8 30.Kf1 Kf7 31.Ke2 h5 32.Kd2 h4 33.Ke2 Re7 34.Kf3 hxg3 35.hxg3 g5
36.g4 Kg6 37.Ke2 Re4 38.Kf3 f5 39.gxf5+ Kxf5 40.Ke2 Rh4 41.Ra4 Rh7 42.Ra1 g4
43.Ra4 Ke4 44.Ra1 Rh2  0-1

[Event "Bundesliga 2000-1"]
[Site "Plauen GER"]
[Date "2000.12.10"]
[Round "4"]
[White "Espig,L"]
[Black "Nunn,J"]
[Result "1/2-1/2"]
[WhiteElo "2401"]
[BlackElo "2578"]

1.d4 Nf6 2.g3 g6 3.Bg2 d5 4.Nf3 Bg7 5.O-O O-O 6.c4 c6 7.cxd5 cxd5 8.Ne5 Ng4
9.f4 Nc6 10.e3 Nf6 11.Nc3 Bf5 12.g4 Be6 13.h3 Rc8 14.Qf3 Ne4 15.f5 Nxe5 16.dxe5 Nxc3
17.bxc3 Bd7 18.f6 exf6 19.exf6 Bh6 20.Qxd5 Be6 21.Qxd8 Rfxd8 22.e4 Bf8 23.Be3 Rxc3
24.Bxa7 Ra8 25.Bf2 Rxa2 26.Rxa2 Bxa2 27.Rd1 Be6 28.Rd8 Rc8 29.Rxc8 Bxc8 30.Bb6 Ba3
31.Kf2 Bb2 32.g5 h6 33.h4 hxg5 34.hxg5 Bd7 35.Bf1  1/2-1/2

[Event "Bundesliga 2000-1"]
[Site "Plauen GER"]
[Date "2000.12.10"]
[Round "4"]
[White "Espig,L"]
[Black "Nunn,J"]
[Result "1/2-1/2"]
[WhiteElo "2401"]
[BlackElo "2578"]

1.d4 Nf6 2.g3 g6 3.Bg2 d5 4.Nf3 Bg7 5.O-O O-O 6.c4 c6 7.cxd5 cxd5 8.Ne5 Ng4
9.f4 Nc6 10.e3 Nf6 11.Nc3 Bf5 12.g4 Be6 13.h3 Rc8 14.Qf3 Ne4 15.f5 Nxe5 16.dxe5 Nxc3
17.bxc3 Bd7 18.f6 exf6 19.exf6 Bh6 20.Qxd5 Be6 21.Qxd8 Re8 22.Qxc8 Rxc8 23.e4 Bf8
24.Be3 Rd8  1/2-1/2

[Event "Bundesliga 2000-1"]
[Site "Luebeck GER"]
[Date "2001.01.07"]
[Round "5"]
[White "Wahls,M"]
[Black "Nunn,J"]
[Result "1/2-1/2"]
[WhiteElo "2568"]
[BlackElo "2578"]

1.c4 g6 2.g3 Nf6 3.Bg2 c6 4.e4 d5 5.cxd5 cxd5 6.e5 Nfd7 7.d4 Nb6 8.Nc3 Nc6
9.Nge2 Bg7 10.h4 Bf5 11.Nf4 Qd7 12.O-O O-O 13.Be3 Rfd8 14.Qe2 Rac8 15.Rad1 Na5
16.Ncxd5 Nxd5 17.Bxd5 Rc2 18.Rd2 Rxd2 19.Qxd2 Qb5 20.Bg2 Bxe5 21.Nd5 Bd6
22.Rc1  1/2-1/2

[Event "Bundesliga 2000-1"]
[Site "Luebeck GER"]
[Date "2001.01.27"]
[Round "6"]
[White "Nunn,J"]
[Black "Balzar,A"]
[Result "1/2-1/2"]
[WhiteElo "2578"]
[BlackElo "2346"]

1.e4 c5 2.Nf3 Nc6 3.d4 cxd4 4.Nxd4 Nf6 5.Nc3 e5 6.Ndb5 d6 7.Bg5 a6 8.Na3 b5
9.Nd5 Be7 10.Nxe7 Nxe7 11.Bxf6 gxf6 12.c4 Bb7 13.cxb5 O-O 14.bxa6 Bxe4 15.Be2 Kh8
16.O-O Rg8 17.f3 Bc6 18.Rc1 d5 19.Kh1 Qd6 20.Nc4 Qe6 21.Na5 Bd7 22.Nb7 Nf5
23.Nc5 Qd6 24.Qd2 Bc6 25.Rf2 d4 26.b4 Ne3 27.Ne4 Bxe4 28.fxe4 Rac8 29.Rxc8 Rxc8
30.Bd3 Rc3 31.h3 Kg7 32.a3 Rxa3 33.Rf3 Qb6 34.b5 Qc5 35.Kh2 Rc3 36.Qa2 Ra3
37.Qd2 h6 38.Rg3+ Kf8 39.Rf3 f5 40.Qe2 f4 41.Qb2 Rxd3 42.b6 Nc4 43.b7 Nxb2
44.b8=Q+ Kg7 45.Rxd3 Nxd3 46.a7 Ne1 47.a8=Q Nf3+ 48.gxf3 Qc2+ 49.Kg1 Qd1+
50.Kg2 Qe2+ 51.Kg1 Qe1+ 52.Kg2 Qe2+  1/2-1/2

[Event "Bundesliga 2000-1"]
[Site "Luebeck GER"]
[Date "2001.01.28"]
[Round "7"]
[White "Nunn,J"]
[Black "Kienast,J"]
[Result "1-0"]
[WhiteElo "2578"]
[BlackElo "2204"]

1.e4 e5 2.Nf3 Nc6 3.Bb5 a6 4.Ba4 b5 5.Bb3 Na5 6.O-O d6 7.d4 exd4 8.Nxd4 Bd7
9.Qe1 Nxb3 10.axb3 Be7 11.e5 dxe5 12.Qxe5 Kf8 13.Bf4 Bd6 14.Qe4 Bxf4 15.Qxf4 Nf6
16.Nc3 h6 17.Rad1 Qc8 18.Rfe1 Kg8 19.Ne4 Nxe4 20.Rxe4 Kh7 21.Qxf7 Rf8 22.Qd5 Qd8
23.f3 Qc8 24.Re7 Be8 25.Ne6 Rf7  1-0

[Event "Bundesliga 2000-1"]
[Site "Solingen GER"]
[Date "2001.02.17"]
[Round "8"]
[White "Partenheimer,A"]
[Black "Nunn,J"]
[Result "0-1"]
[WhiteElo "2196"]
[BlackElo "2578"]

1.Nf3 Nf6 2.c4 g6 3.g3 Bg7 4.Bg2 O-O 5.d4 d6 6.O-O Nc6 7.Nc3 a6 8.h3 Rb8
9.e4 b5 10.e5 Nd7 11.e6 fxe6 12.d5 exd5 13.cxd5 Na7 14.Nd4 Nf6 15.Re1 b4
16.Nce2 c5 17.dxc6 e5 18.Nb3 d5 19.Bg5 Nxc6 20.Bxf6 Qxf6 21.Qxd5+ Kh8 22.Qxc6 Qxf2+
23.Kh1 Bb7 24.Qxb7 Rxb7 25.Bxb7 e4 26.Nd2 Bh6 27.Nxe4 Qf7  0-1

[Event "Bundesliga 2000-1"]
[Site "Solingen GER"]
[Date "2001.02.18"]
[Round "9"]
[White "Nunn,J"]
[Black "Chandler,M"]
[Result "1-0"]
[WhiteElo "2578"]
[BlackElo "2526"]

1.e4 c5 2.Nf3 d6 3.d4 cxd4 4.Nxd4 Nf6 5.Nc3 Nc6 6.Bg5 e6 7.Qd2 a6 8.O-O-O Bd7
9.f3 h6 10.Be3 b5 11.Nxc6 Bxc6 12.Ne2 Qc7 13.Nd4 Bb7 14.Bd3 Nd7 15.Kb1 Be7
16.Rhe1 Ne5 17.Qf2 O-O 18.Qg3 Kh7 19.Bf1 Rac8 20.Bc1 Ng6 21.Qf2 d5 22.exd5 Bxd5
23.f4 Bc5 24.Bd3 Kg8 25.g3 Ne7 26.Be3 Rfd8 27.f5 Bxd4 28.Bxd4 Nxf5 29.Bb6 Qb8
30.Bxd8 Rxd8 31.Bxf5 exf5 32.Qxf5 Be6 33.Qf4 Qc8 34.Rxd8+ Qxd8 35.b3 a5 36.Kc1 a4
37.Rd1 Qb6 38.Qd4 Qc6 39.Qd6 Qg2 40.Rd2 Qh1+ 41.Kb2 Qe1 42.Rd1 Qf2 43.Qb8+ Kh7
44.Qxb5 Qf6+ 45.Ka3 axb3 46.axb3 Bf5 47.Qc4 Bg6 48.Qd4 Qc6 49.c4 Qf3 50.Rd2 Qa8+
51.Kb2 Qh1 52.Qc3 Qb1+ 53.Ka3 Qe4 54.b4 Qb7 55.b5 Qe7+ 56.c5 Qb7 57.Kb4 Qe4+
58.Qd4 Qb1+ 59.Ka5 Qc1 60.c6 Bf5 61.Kb6 g6 62.Re2  1-0

[Event "Bundesliga 2000-1"]
[Site "Luebeck GER"]
[Date "2001.04.28"]
[Round "14"]
[White "Nunn,J"]
[Black "Stolz,M"]
[Result "1-0"]
[WhiteElo "2578"]
[BlackElo "2366"]

1.e4 e6 2.d4 d5 3.Nc3 Bb4 4.e5 b6 5.a3 Bf8 6.Bb5+ c6 7.Ba4 Ne7 8.Nf3 a5 9.O-O Ba6
10.Ne2 Nf5 11.Re1 Bb5 12.Bxb5 cxb5 13.Qd3 Qd7 14.g4 Nh6 15.Bxh6 gxh6 16.Nf4 Qc6
17.Re3 Nd7 18.Qe2 Qc4 19.Qd1 b4 20.axb4 Qxb4 21.h3 Be7 22.Nh5 Rc8 23.Rb3 Qc4
24.Rc3 Qa6 25.Rxc8+ Qxc8 26.Qd2 Rg8 27.Qxh6 Qxc2 28.Rc1 Qg6 29.Rc8+ Bd8 30.Qc1 Ke7
31.Qc6 Qxh5 32.Qd6+ Ke8 33.Qc7 Ke7 34.Rxd8  1-0

[Event "Bundesliga 2000-1"]
[Site "Luebeck GER"]
[Date "2001.04.29"]
[Round "15"]
[White "Joachim,S"]
[Black "Nunn,J"]
[Result "1/2-1/2"]
[WhiteElo "2443"]
[BlackElo "2578"]

1.e4 c5 2.Nf3 Nc6 3.Bb5 e6 4.O-O Nge7 5.Re1 Nd4 6.Nxd4 cxd4 7.c3 Nc6 8.d3 Bc5
9.Bxc6 dxc6 10.cxd4 Bxd4 11.Nd2 e5 12.h3 O-O 13.Nf3 Bb6 14.Be3 Qe7  1/2-1/2

[Event "Bundesliga 2001-2"]
[Site "Bonn GER"]
[Date "2001.10.06"]
[Round "1"]
[White "Nunn,J"]
[Black "Hansen,Cu"]
[Result "1/2-1/2"]
[WhiteElo "2584"]
[BlackElo "2626"]

1.e4 e6 2.d4 d5 3.Nc3 Bb4 4.e5 c5 5.a3 Bxc3+ 6.bxc3 Ne7 7.a4 Nbc6 8.Nf3 Qa5
9.Bd2 Bd7 10.Bb5 Qc7 11.O-O f6 12.Re1 a6 13.Bd3 c4 14.Bf1 fxe5 15.Nxe5 Nxe5
16.Bf4 N7g6 17.Bxe5 Nxe5 18.Rxe5 O-O 19.g3 a5 20.Bh3 Rf6 21.Qe2 Qd6  1/2-1/2

[Event "Bundesliga 2001-2"]
[Site "Bonn GER"]
[Date "2001.10.07"]
[Round "2"]
[White "Jackelen,T"]
[Black "Nunn,J"]
[Result "1/2-1/2"]
[WhiteElo "2392"]
[BlackElo "2584"]

1.Nf3 Nf6 2.c4 g6 3.Nc3 Bg7 4.e4 d6 5.d4 O-O 6.Be2 e5 7.dxe5 dxe5 8.Qxd8 Rxd8
9.Bg5 Nbd7 10.O-O-O Rf8 11.Nd5 c6 12.Ne7+ Kh8 13.Be3 Re8 14.Nxc8 Raxc8 15.g4 Nf8
16.Nd2 N6d7 17.Nb3 Rc7 18.c5 Ne6 19.Bc4 Ndf8 20.f3 h5 21.gxh5 gxh5 22.Rhg1 Kh7
23.Rd2 Bh6 24.Bxh6 Kxh6 25.Rg8 Nf4 26.Rd6+ Kh7 27.Rg5 N8g6 28.Nd2 Ree7  1/2-1/2

[Event "Bundesliga 2001-2"]
[Site "Porz GER"]
[Date "2002.02.01"]
[Round "5"]
[White "Nunn,J"]
[Black "Heinemann,T"]
[Result "1-0"]
[WhiteElo "2595"]
[BlackElo "2465"]

1.e4 c5 2.Nf3 d6 3.d4 cxd4 4.Nxd4 Nf6 5.Nc3 a6 6.Bg5 e6 7.f4 Be7 8.Qf3 Qc7
9.O-O-O Nbd7 10.g4 b5 11.Bxf6 Nxf6 12.g5 Nd7 13.f5 Bxg5+ 14.Kb1 Ne5 15.Qh5 Qd8
16.h4 Bf6 17.fxe6 O-O 18.Bh3 g6 19.Qe2 Re8 20.exf7+ Kxf7 21.h5 g5 22.Nd5 Bxh3
23.Rxh3 g4 24.Rc3 Bg5 25.Nc6 Nxc6 26.Rxc6 Re5 27.Qxg4 Ra7 28.Rc8 Qd7 29.Qf3+ Ke6
30.Rf8  1-0

[Event "German Team Cup"]
[Site "Baden-Baden GER"]
[Date "2002.03.10"]
[Round "2"]
[White "Nunn,J"]
[Black "Krasenkow,M"]
[Result "1-0"]
[WhiteElo "2595"]
[BlackElo "2632"]

1.e4 c5 2.Nf3 Nc6 3.Bb5 e6 4.O-O Nge7 5.c3 a6 6.Ba4 b5 7.Bc2 Bb7 8.Qe2 d5
9.a4 b4 10.d4 bxc3 11.dxc5 cxb2 12.Bxb2 d4 13.e5 Nd5 14.Nbd2 Bxc5 15.Ne4 Be7
16.Rfd1 Ncb4 17.Rxd4 Nxc2 18.Qxc2 Rc8 19.Qd3 Qb6 20.Ba3 Nf4 21.Nd6+ Bxd6
22.Rxd6 Qa5 23.Qe3 Qc3 24.Qxc3 Ne2+ 25.Kf1 Nxc3 26.Rb6 Bd5 27.Rc1 f6 28.Bb2 Bc4+
29.Ke1 Nxa4 30.Rb4 Nxb2 31.Rxb2 Kd7 32.Rb7+ Kd8 33.Rxg7 Bd5 34.Rxc8+ Kxc8
35.exf6 Rf8 36.f7 Kd7 37.Ne5+ Kd6 38.f4 a5 39.Rxh7 a4 40.g4 a3 41.Rh3 a2
42.Ra3  1-0

[Event "Bundesliga 2002-3"]
[Site "Forchheim GER"]
[Date "2002.10.20"]
[Round "2"]
[White "Teske,H"]
[Black "Nunn,J"]
[Result "1/2-1/2"]
[WhiteElo "2527"]
[BlackElo "2611"]

1.Nf3 Nf6 2.c4 g6 3.g3 c6 4.b3 Bg7 5.Bb2 d5 6.Bg2 O-O 7.O-O a5 8.cxd5 cxd5
9.Nc3 Ne4 10.d4 Bf5 11.Ne5 Nxc3 12.Bxc3 Nc6 13.Rc1 Qd6 14.Qd2 a4 15.Nxc6 bxc6
16.Bb4 Qd7 17.bxa4 Rxa4 18.a3  1/2-1/2

[Event "Bundesliga 2002-3"]
[Site "Hamburg GER"]
[Date "2002.11.09"]
[Round "7"]
[White "Gustafsson,J"]
[Black "Nunn,J"]
[Result "1/2-1/2"]
[WhiteElo "2554"]
[BlackElo "2611"]

1.d4 Nf6 2.c4 g6 3.Nc3 Bg7 4.e4 d6 5.Nf3 O-O 6.Be2 e5 7.Be3 h6 8.O-O Ng4
9.Bc1 Nc6 10.d5 Ne7 11.Ne1 f5 12.Bxg4 fxg4 13.Be3 g5 14.c5 Ng6 15.cxd6 cxd6
16.a4 Rf7 17.Nb5 a6 18.Na3 Rb8 19.Ba7 Ra8 20.Be3 Rb8 21.Ba7  1/2-1/2

[Event "Bundesliga 2002-3"]
[Site "Hamburg GER"]
[Date "2002.11.16"]
[Round "3"]
[White "Nunn,J"]
[Black "Mueller,Matt"]
[Result "1/2-1/2"]
[WhiteElo "2611"]
[BlackElo "2403"]

1.e4 e5 2.Bc4 Nf6 3.d3 Nc6 4.Nf3 Bc5 5.O-O d6 6.c3 O-O 7.Bb3 a6 8.Nbd2 Ba7
9.Nc4 h6 10.h3 Be6 11.Re1 Bxc4 12.Bxc4 Na5 13.Bb3 Nxb3 14.Qxb3 Rb8 15.Be3 Bxe3
16.Rxe3 Re8 17.Rae1 Qd7 18.d4 Qe6 19.Nd2 Qxb3 20.Nxb3 b6 21.Kf1  1/2-1/2

[Event "Bundesliga 2002-3"]
[Site "Hamburg GER"]
[Date "2002.11.17"]
[Round "4"]
[White "Brendel,O"]
[Black "Nunn,J"]
[Result "0-1"]
[WhiteElo "2378"]
[BlackElo "2611"]

1.e4 c5 2.Nf3 e6 3.d4 cxd4 4.Nxd4 Nf6 5.Nc3 Nc6 6.Ndb5 d6 7.Bf4 e5 8.Bg5 a6
9.Na3 b5 10.Bxf6 gxf6 11.Nd5 f5 12.Bxb5 axb5 13.Nxb5 Ra7 14.Nxa7 Nxa7 15.exf5 Nb5
16.c3 Nc7 17.Ne3 Bg7 18.Qa4+ Qd7 19.Qh4 O-O 20.g4 Re8 21.f6 Qd8 22.g5 Bf8
23.h3 Be6 24.Rg1 Nd5 25.Nxd5 Bxd5 26.O-O-O Qa8 27.Rxd5 Qxd5 28.Kb1 Ra8 29.c4 Qd3+
30.Ka1 d5 31.Qg3 Qxc4 32.a3 Bc5 33.g6 hxg6 34.Qxe5 Rxa3+  0-1

[Event "Bundesliga 2002-3"]
[Site "Luebeck GER"]
[Date "2002.12.14"]
[Round "5"]
[White "Nunn,J"]
[Black "Lau,R"]
[Result "1/2-1/2"]
[WhiteElo "2611"]
[BlackElo "2491"]

1.e4 c5 2.Nf3 e6 3.c3 d5 4.e5 d4 5.Bd3 Nc6 6.O-O Nge7 7.Be4 Bd7 8.b4 Ng6
9.bxc5 Bxc5 10.Bb2 Qb6 11.Qb3 dxc3 12.Nxc3 Nd4 13.Nxd4 Bxd4 14.Na4 Qxb3 15.axb3 Bxb2
16.Nxb2 Bc6 17.Bxc6+ bxc6 18.Nc4 O-O 19.Ra3 Rfb8 20.Rfa1 h6 21.g3 Rb7 22.Kf1 Ne7
23.Nd6 Rc7 24.Ra6 Nd5 25.R1a4 f6 26.d4 Kh7 27.Rc4 Ne7 28.Rc3 Rb8 29.exf6 gxf6
30.Re3 Nf5 31.Nxf5 exf5 32.Re6 Rxb3 33.Rxf6 Rd3 34.Rd6 Rd2 35.Ra5 Rf7 36.Rxc6 f4
37.gxf4 Rxd4 38.f5 Rf4 39.Raa6 Rh4 40.Kg2 Rh5 41.Ra5 Rg5+ 42.Kf1 Rh5 43.Rca6 Rxh2
44.Rxa7 Rxa7 45.Rxa7+ Kg8 46.Ke2 Rh5 47.Ra5 Rh4 48.Ke3 Kf7 49.Ra6 Kg7 50.f3 Kf7
51.Re6 Kg7 52.Re4 Rh1 53.Kf4 Kf7 54.Re6 Rh2 55.Ra6 Rh1 56.Ra2 Kf6 57.Rg2 Rh4+
58.Rg4 Rh1 59.Rg6+ Kf7 60.Re6 Rh2 61.Rd6 Rh1 62.Ke4 Re1+ 63.Kf4 Rh1 64.Rd7+  1/2-1/2

[Event "Bundesliga 2002-3"]
[Site "Hamburg GER"]
[Date "2003.01.11"]
[Round "8"]
[White "Nunn,J"]
[Black "Ellers,H"]
[Result "1/2-1/2"]
[WhiteElo "2611"]
[BlackElo "2425"]

1.e4 c5 2.Nf3 Nc6 3.Bb5 g6 4.O-O Bg7 5.c3 Nf6 6.Re1 O-O 7.h3 Ne8 8.d4 cxd4
9.cxd4 Qb6 10.Bxc6 bxc6 11.Nc3 Nc7 12.b3 d6 13.Be3 Qb4 14.Rc1 Re8 15.Na4 Bd7
16.Rc4 Qb7 17.Qd2 Rac8 18.Rec1 Na6 19.Bh6 Bh8 20.Re1 c5 21.d5 Bb5 22.Rcc1 Bxa4
23.bxa4 Qb2 24.Rc2 Qb4 25.Qf4 Nc7 26.Rec1 Qxa4 27.h4 Qd7 28.Rd1  1/2-1/2

[Event "Bundesliga 2002-3"]
[Site "Cologne GER"]
[Date "2003.02.09"]
[Round "11"]
[White "Nunn,J"]
[Black "Philipowski,R"]
[Result "1-0"]
[WhiteElo "2611"]
[BlackElo "2299"]

1.e4 c5 2.Nf3 Nc6 3.Bb5 g6 4.Bxc6 dxc6 5.d3 Bg7 6.h3 Nf6 7.Nc3 O-O 8.Be3 b6
9.Qd2 Re8 10.O-O e5 11.a3 a5 12.Kh1 Ba6 13.b3 Nh5 14.Rae1 Qc7 15.g4 f5 16.gxh5 f4
17.hxg6 Bh6 18.Nh4 hxg6 19.Rg1 Qd7 20.Rxg6+ Kh7 21.Rxh6+ Kxh6 22.Bxf4+ Kh7
23.Nf5 Re6 24.Bxe5 Rg8 25.Qf4 Rgg6 26.Re3 Qe8 27.Qh4+ Rh6 28.Nxh6 Rxh6 29.Qg5 Qd7
30.Rg3 Rxh3+ 31.Rxh3+ Qxh3+ 32.Kg1  1-0

[Event "Bundesliga 2002-3"]
[Site "Bremen GER"]
[Date "2003.03.30"]
[Round "15"]
[White "Nunn,J"]
[Black "Richter,C"]
[Result "1-0"]
[WhiteElo "2611"]
[BlackElo "2346"]

1.e4 e5 2.Nf3 Nc6 3.Bb5 a6 4.Ba4 Nf6 5.O-O Be7 6.Re1 b5 7.Bb3 d6 8.c3 O-O
9.d3 Re8 10.Nbd2 Bf8 11.Nf1 Nb8 12.Ng3 Bb7 13.Ng5 d5 14.d4 Nbd7 15.exd5 exd4
16.d6 Rxe1+ 17.Qxe1 Nd5 18.dxc7 Qxc7 19.cxd4 N7f6 20.Bd2 Re8 21.Qf1 Qb6 22.Qd3 a5
23.Nh5  1-0

[Event "ch-Europe Internet Blitz"]
[Site "playchess.com INT"]
[Date "2003.11.09"]
[Round "1.2"]
[White "Popovic,Du"]
[Black "Nunn,J"]
[Result "1/2-1/2"]
[WhiteElo "2448"]
[BlackElo "2617"]

1.e4 c5 2.Nc3 Nc6 3.Bb5 e5 4.Bxc6 dxc6 5.d3 Ne7 6.Nge2 Ng6 7.Be3 Bd6 8.Qd2 O-O
9.O-O b6 10.f4 exf4 11.Nxf4 Qc7 12.Nce2 Bd7 13.h3 Rae8 14.Nxg6 hxg6 15.Bf4 f5
16.exf5 Rxe2 17.Bxd6 Rxd2 18.Bxc7 Rxf5 19.Rxf5 Bxf5 20.Rc1 c4 21.g4 Be6 22.Bf4 Re2
23.Kf1 cxd3 24.cxd3 Rxb2 25.Rxc6 Bxa2 26.Rc7 a5 27.Be5 Rb1+ 28.Ke2 Bf7 29.Rc8+ Kh7
30.Rc7 Kg8 31.Rc8+ Kh7 32.Rc7 Kg8  1/2-1/2

[Event "ch-Europe Internet Blitz"]
[Site "playchess.com INT"]
[Date "2003.11.09"]
[Round "1.3"]
[White "Nunn,J"]
[Black "Popovic,Du"]
[Result "1/2-1/2"]
[WhiteElo "2617"]
[BlackElo "2448"]

1.e4 c5 2.Nf3 d6 3.d4 cxd4 4.Nxd4 Nf6 5.Nc3 a6 6.Be3 e5 7.Nb3 Be6 8.f3 Nbd7
9.g4 b5 10.g5 b4 11.Nd5 Nxd5 12.exd5 Bf5 13.Bd3 Bxd3 14.Qxd3 Be7 15.h4 O-O
16.O-O-O a5 17.Kb1 a4 18.Nd2 f5 19.gxf6 Nxf6 20.Ne4 Nxe4 21.Qxe4 Qc8 22.f4 a3
23.fxe5 axb2 24.Bd4 Qa6 25.Bxb2 Qxa2+ 26.Kc1 b3 27.Rh2 Rac8 28.Rg1 bxc2 29.Rxc2 Rxc2+
30.Qxc2 Qa7 31.Qg2 Qe3+ 32.Kb1 Qd3+ 33.Qc2 Qe3 34.Qg2 Qd3+ 35.Qc2 Qe3 36.Qg2  1/2-1/2

[Event "ch-Europe Internet Blitz"]
[Site "playchess.com INT"]
[Date "2003.11.09"]
[Round "1.4"]
[White "Popovic,Du"]
[Black "Nunn,J"]
[Result "1/2-1/2"]
[WhiteElo "2448"]
[BlackElo "2617"]

1.e4 c5 2.Nc3 Nc6 3.Bb5 e5 4.Bxc6 dxc6 5.d3 Bd6 6.Be3 Ne7 7.Qd2 O-O 8.Nge2 Ng6
9.O-O-O Be6 10.g3 b5 11.f4 f5 12.exf5 Bxf5 13.Ne4 exf4 14.gxf4 Qe7 15.Nxd6 Qxd6
16.Ng3 Rae8 17.Qf2 Bg4 18.Ne4 Rxe4 19.dxe4 Bxd1 20.Rxd1 Qe6 21.Bxc5 Rxf4
22.Rd8+ Kf7 23.Rf8+ Nxf8 24.Qxf4+ Qf6 25.Qxf6+ gxf6 26.Bxa7 Ne6 27.Be3 Ke7
28.Kd2 Kd6 29.b3 b4 30.c3 c5 31.cxb4 cxb4 32.Kd3 Nc5+ 33.Kc4 Nxe4 34.Kxb4 f5
35.a4 Ke5 36.a5 f4 37.Bb6 Kd6 38.Kc4 f3 39.Kd3 f2 40.Ke2 Nd2 41.Kxf2 Nxb3
42.Kg3 Nd2 43.Kf4 Kd5 44.a6 Kc6 45.a7 Kb7 46.Bd4 Nb3 47.Be3 Na5 48.Kg5 Nc4
49.Bd4 Nd2 50.Kg4 Nb3 51.Be3 Na5 52.h4 Nc4 53.Bd4 Nd6 54.h5 Ne4 55.Kf4 Nd6
56.Kg5 Ne4+ 57.Kf4 Nd6 58.Bf2 Nf7 59.Kf5 Nd6+ 60.Kg5 Ne4+ 61.Kh6 Nf6 62.Bd4 Nxh5
63.Kxh5 Ka8 64.Kh6 Kb7 65.Kxh7 Ka8 66.Kg6 Kb7 67.Kf5 Ka8 68.Ke6 Kb7 69.a8=Q+ Kxa8  1/2-1/2